Ein Gott : Abrahams Erben am Nil : Juden, Christen und Muslime in Agypten von der Antike bis zum Mittelalter /
محفوظ في:
مؤلفون آخرون: ,
التنسيق: كتاب
اللغة: German
منشور في:
Berlin : Petersberg :
Staatliche Museen zu Berlin, Preussischer Kulturbesitz ; Michael Imhof Verlag,
[2015].
الموضوعات:
الوسوم: إضافة وسم
لا توجد وسوم, كن أول من يضع وسما على هذه التسجيلة!
رقم الطلب: BL2455 .E55 2015
| LEADER | 01557namaa2200289 4500 | ||
|---|---|---|---|
| 003 | OSt | ||
| 005 | 20251013091857.0 | ||
| 008 | 130303t20152015gw a bc 000 0 ger d | ||
| 020 | |a 9783731901495 | ||
| 040 | |c ARCE Library | ||
| 050 | 4 | |a BL2455 .E55 2015 | |
| 245 | 0 | 0 | |a Ein Gott : |b Abrahams Erben am Nil : Juden, Christen und Muslime in Agypten von der Antike bis zum Mittelalter / |c für das Ägyptische Museum und Papyrussammlung, die Skulpturensammlung und Museum für Byzantinische Kunst und das Museum für Islamische Kunst der Staatlichen Museen zu Berlin und The British Museum, London herausgegeben von Cäcilia Fluck, Gisela Helmecke, Elisabeth R. O'Connell unter Mitarbeit von Elisabeth Ehler. |
| 264 | 1 | |a Berlin : |b Staatliche Museen zu Berlin, Preussischer Kulturbesitz ; |a Petersberg : |b Michael Imhof Verlag, |c [2015]. | |
| 264 | 4 | |c ©2015. | |
| 300 | |a 288 pages : |b illustrations (chiefly color) ; |c 27 cm. | ||
| 500 | |a Catalog of an exhibition held at the Bode-Museum, Berlin, April 2-September 13, 2015 ; British Museum, London, October 29, 2015 - February 14, 2016. | ||
| 504 | |a Includes bibliographical references (pages 277-288). | ||
| 650 | 0 | |a Islamic antiquities |z Egypt |v Exhibitions. | |
| 650 | 0 | |a Islamic art |z Egypt |v Exhibitions. | |
| 650 | 0 | |a Christian antiquities |z Egypt |v Exhibitions. | |
| 650 | 0 | |a Jewish art |z Egypt |v Exhibitions. | |
| 651 | 0 | |a Egypt |x Religion |y 640- |v Exhibitions. | |
| 700 | 1 | |a Fluck, Cäcilia, |9 30115 | |
| 700 | 1 | |a Helmecke, Gisela, |9 31899 | |
| 901 | |a reviewed | ||
| 942 | |c BK |2 lcc | ||
| 999 | |c 8855 |d 8855 | ||
